000 00930nam a2200253Ia 4500
003 OSt
005 20220923211451.0
006 a|||||r|||| 00| 0
007 ta
008 220922b |||||||| |||| 00| 0 pan d
020 _a9789350687567 (hbk)
_c200
024 _a282,569
037 _b868, 14/08/2014, H.K. Prakashan
_cTextual
040 _aARTS
_cARTS
_bpan
041 _2pan
_apan
082 _aO153,3x, Q4
100 _aਬਾਜਵਾ, ਦਿਲਬਾਗ ਸਿੰਘ, ਥਦ.
_9156325
245 0 _aਸੁਰਜੀਤ ਕਤਲ ਕਾਂਡ ਅਤੇ ਹੋਰ ਕਹਾਣੀਆਂ
260 _aਚੰਡੀਗੜ
_b ਲੋਕਗੀਤ ਪ੍ਰਕਾFਨ
_c2014
300 _a184ਪੰ
_ccm.
650 _aਪੰਜਾਬੀ ਸਾਹਿਤ
942 _hO153,3x, Q4
_cTEXL
_2CC
999 _c299805
_d299805